| 000 | 01201nam a2200277 a 4500 | ||
|---|---|---|---|
| 999 |
_c437190 _d437190 |
||
| 003 | BLK | ||
| 005 | 20250510125004.0 | ||
| 008 | 181106b bu ||||| |||| 00| 0 bu d | ||
| 020 | _a9789547928022 | ||
| 040 | _aBLK | ||
| 041 |
_aBUL _cBUL |
||
| 080 |
_aОсновно образование _b372.4 _z372.4 |
||
| 100 |
_9365603 _aМанчева, Евтимия Костова _eпърви автор |
||
| 139 |
_aМанчева, Евтимия Костова _bМ 28 |
||
| 245 |
_aКартинен правописен речник - І клас- български език _bПо новата учебна програма _cЕвтимия Манчева, Маргарита Тороманова |
||
| 257 | _aBGR | ||
| 260 |
_9210029 _aСофия _bСКОРПИО _c2018 _n978-954-792- ; 954-90825- |
||
| 300 |
_a56 с. _bс цв. ил. _c29 см |
||
| 380 | _aDN | ||
| 650 | 7 |
_9149965 _aБългарски език |
|
| 653 | 7 |
_9199098 _aучебни помагала |
|
| 653 | 7 |
_9191933 _aначално образование |
|
| 700 |
_aТороманова, Маргарита Иванова _eсъавт. _91445 |
||
| 942 |
_cKNG _n0 _s1 _08 |
||
| 944 |
_k30564 _lАнна Гръцманова |
||